| 000 | 00647nam a22001817a 4500 | ||
|---|---|---|---|
| 999 |
_c15724 _d15724 |
||
| 003 | AR-CdUCM | ||
| 008 | 190429b ||||| |||| 00| 0 spa d | ||
| 040 |
_aMUNICIPALIDAD PROVINCIAL DEL CUSCO _cBIBLIOTECA MUNICIPAL DEL CUSCO |
||
| 082 |
_aC / 985.61 / _bJ24 |
||
| 100 |
_aJaramillo, Margarita _934897 |
||
| 245 | _aLa muy notable y gran ciudad del Cusco / | ||
| 260 |
_aCusco ; _bUNESCO, _c1985. |
||
| 300 |
_a74 páginas ; _c30 cm. |
||
| 505 | _aEl pequeño reino del Cusco -- La capital de universo -- El puma descuartizado -- Ciudad, provincia y capital del departamento... | ||
| 650 |
_aCusco. _9772 |
||
| 942 |
_2ddc _cLIBROS |
||
| 945 | _awfj | ||